000 00838nam a2200265Ia 4500
003 OSt
005 20220928130348.0
006 a|||||r|||| 00| 0
007 ta
008 220927b |||||||| |||| 00| 0 eng d
020 _c3272.6100000000001
024 _a128592
037 _b236, 03/02/2016, Classic Book Service
_cTextual
040 _aSDCL
_cSDCL
_beng
041 _2eng
_aeng
082 _aS:1, Q5
100 _aHerwegen Jo Van Ed.
_9473684
245 0 _aNeurodevelopmental disorders
_b Research challenges and solutions
260 _aLondon
_bPsychology Press
_c2015
300 _axx;298p.
_ccm.
650 _aApp Psychology
700 _a Riby Deborah Ed.
_9473685
942 _hS:1, Q5
_cTEXL
_2CC
999 _c786278
_d786278